000 01075nam2a22002771 4500
001 v19\rc\1629393
005 20250618232822.0
035 _a(NLR Aleph) 004745089
090 _a4510951
_c4510951
100 _a20061002d1899 |||y0rusy50 ca
101 0 _arus
102 _aRU
105 _ay z |||||
200 1 _aСплавы
210 _d1899
_aБ. м.
215 _a23 с.
461 0 _1001v19\rc\1629392
_12001#$aТехнология металлов$f[Соч.] Инж.-мех. Н.Я. Панфилова. Вып. 1-$gПроф. курсы для рабочих$vВып. 1
_1700#1$aПанфилов$bН.Я.
_94510947
_aПанфилов, Н.Я.
_cМосква
_d1899
_f[Соч.] Инж.-мех. Н.Я. Панфилова. Вып. 1-
_nтипо-лит. А.В. Васильева
_tТехнология металлов
_vВып. 1
801 0 _aRU
_bNLR
_gpsbo
801 0 _aRU
_bRuMoRGB
_2psbo
801 1 _aRU
_bProSoft-M
_2rusmarc
852 _aNLR
_j20.60.3.205
899 _aRuMoRGB
_jJ 92/378
899 _aRuMoRGB
_jA 261/110
899 _aБАН
942 _cBOOK
980 _aNB